Mexican and Central American antiquities, calendar systems and History (Record no. 143062)

MARC details
000 -LEADER
campo de control de longitud fija 01045nam a2200253 i 4500
001 - NÚMERO DE CONTROL
campo de control 143062
003 - IDENTIFICADOR DE NÚMERO DE CONTROL
campo de control ES-MaACL
005 - FECHA Y HORA DE LA ÚLTIMA TRANSACCIÓN
campo de control 20230906200717.0
007 - CAMPO FIJO DE DESCRIPCIÓN FÍSICA--INFORMACIÓN GENERAL
campo de control de longitud fija t|
008 - DATOS DE LONGITUD FIJA--INFORMACIÓN GENERAL
campo de control de longitud fija 070214s1904 xxu r ||||1| spa d
245 00 - MENCIÓN DEL TÍTULO
Título Mexican and Central American antiquities, calendar systems and History
Resto del título : twenty-four papers /
Mención de responsabilidad, etc. by Eduardo Seler... [et al.] ; translated from the German under the supervision of Charles P. Bowditch.
260 ## - PUBLICACIÓN, DISTRIBUCIÓN, ETC.
Lugar de publicación, distribución, etc. Washington :
Nombre del editor, distribuidor, etc. [s. n.],
Fecha de publicación, distribución, etc. 1904 (
Fabricante Goverment Printing Office)
300 ## - DESCRIPCIÓN FÍSICA
Extensión 682 p. :
Otras características físicas il. ;
Dimensiones 24 cm.
490 1# - MENCIÓN DE SERIE
Mención de serie Bureau of American Technology Bulletin ;
Designación de volumen o secuencia 28
530 ## - NOTA DISPONIBLE DE FORMULARIO FÍSICO ADICIONAL
Nota de formato físico adicional disponible Disponible también en forma digital en Internet Archive Web site.
650 #4 - PUNTO DE ACCESO ADICIONAL DE MATERIA--TÉRMINO DE MATERIA
Término de materia o nombre geográfico como elemento de entrada Mayas-
Subdivisión general Restos arqueológicos.
9 (RLIN) 14867
650 #4 - PUNTO DE ACCESO ADICIONAL DE MATERIA--TÉRMINO DE MATERIA
Término de materia o nombre geográfico como elemento de entrada Calendario maya.
9 (RLIN) 159083
651 #4 - PUNTO DE ACCESO ADICIONAL DE MATERIA--NOMBRE GEOGRÁFICO
Nombre geográfico México-
Subdivisión general Restos arqueológicos.
9 (RLIN) 148679
700 1# - ENTRADA AGREGADA--NOMBRE PERSONAL
Nombre de persona Seler, Eduardo.
9 (RLIN) 105297
700 1# - ENTRADA AGREGADA--NOMBRE PERSONAL
Nombre de persona Bowditch, Charles P.
9 (RLIN) 31131
830 0# - PUNTO DE ACCESO ADICIONAL DE SERIE-TÍTULO UNIFORME
Título uniforme Bureau of American Technology Bulletin ;
Designación de volumen o secuencia 28
9 (RLIN) 220533
852 ## - LOCALIZACIÓN
Ubicación ES-MaACL
Número de control de estantería G-15387
Holdings
Estatus retirado Estado de pérdida Estado de daño No para préstamo Biblioteca de origen Biblioteca actual Ubicación en estantería Fecha de adquisición Fuente de adquisición Total de préstamos Signatura topográfica completa Código de barras Visto por última vez Precio de reemplazo Tipo de ítem Koha
        Biblioteca del Ateneo de Madrid Biblioteca del Ateneo de Madrid Sala Pecera Planta 3 17/01/2008     G-15387 1148847 23/02/2023 23/02/2023 Libro impreso